Profesoras y profesores efectivos en escuelas urbano marginales en Chile
I tiakina i:
| Ngā kaituhi matua: | , , |
|---|---|
| Hōputu: | Pukapuka |
| Reo: | Pāniora |
| I whakaputaina: |
Santiago
CIDE
1983
|
| Rangatū: | CIDE, 14
|
| Ngā marau: | |
| Ngā Tūtohu: |
Tāpirihia he Tūtohu
Kāore He Tūtohu, Me noho koe te mea tuatahi ki te tūtohu i tēnei pūkete!
|
MARC
| LEADER | 00000nam a2200000 a 4500 | ||
|---|---|---|---|
| 001 | UCY8187 | ||
| 003 | CL-VaPUC | ||
| 008 | 950623e19830000CL |||||||||||||||||spa|d | ||
| 082 | 0 | 4 | |a 370.15 |b FIL |2 21 |
| 100 | 0 | |a Filp, Johanna |e author |9 339417 | |
| 700 | 0 | |a Cardemil Oliva, Cecilia |e author |9 339418 | |
| 700 | 0 | |a Valdivieso, Paz |e author |9 339419 | |
| 245 | 1 | 0 | |a Profesoras y profesores efectivos en escuelas urbano marginales en Chile |
| 300 | |a 114 P | ||
| 942 | |c BK | ||
| 945 | |d 19950623 00:00:00 |a lriquelm | ||
| 260 | |a Santiago |b CIDE |c 1983 | ||
| 650 | 0 | |a Docentes |9 311365 | |
| 650 | 0 | |a Educación básica |9 224933 | |
| 650 | 0 | |a Sociología de la educación |9 260380 | |
| 650 | 0 | |a Educación preescolar |9 260381 | |
| 650 | 7 | |a RELACION DOCENTE ALUMNO |2 CL-VaPUC |9 307734 | |
| 650 | 0 | |a Psicología educacional |9 307830 | |
| 650 | 0 | |a Actitud del docente |9 309107 | |
| 650 | 0 | |a Motivación |9 315362 | |
| 650 | 7 | |a ESTIMA |2 CL-VaPUC |9 339420 | |
| 650 | 7 | |a PSICOLOGIA AFECTIVA |2 CL-VaPUC |9 339421 | |
| 651 | 7 | |a CHILE |2 CL-VaPUC |9 339422 | |
| 583 | |a last modification |c 19950623 00:00:00 |k Rodrigo Vera | ||
| 490 | 0 | |a CIDE, 14 | |
| 999 | |c 235465 |d 235463 | ||
| 952 | |0 0 |1 0 |4 0 |6 370_150000000000000_FIL_1983 |7 0 |8 P |9 242907 |a BIBEDU |b BIBEDU |c BIBEDU_PB |d 2019-11-18 |i 1518968 |o 370.15 FIL 1983 |p 1518968 |r 2024-01-25 |w 2019-11-18 |y BK |k EDU | ||
| 952 | |0 0 |1 0 |4 0 |6 370_150000000000000_FIL_1983 |7 0 |8 P |9 242908 |a BIBEDU |b BIBEDU |c BIBEDU_PB |d 2019-11-18 |i 1602748 |o 370.15 FIL 1983 |p 1602748 |r 2024-01-25 |w 2019-11-18 |y BK |k EDU | ||